| 000 | 00816nam a2200229 a 4500 | ||
|---|---|---|---|
| 001 | 40637 | ||
| 003 | BD-RjUL | ||
| 005 | 20211209053245.0 | ||
| 008 | 160507s2000 ben||||| |||| 00| 0 ben d | ||
| 020 |
_a9845600980 _c : 130.00 |
||
| 035 | _a(BD-RjUL) 40752 | ||
| 040 |
_aBD-RjUL _bben _cBD-RjUL |
||
| 041 | _aben | ||
| 082 |
_223 _aB 954.92 _bSHS 2002. |
||
| 100 |
_aসাহা, সনৎকুমার. _9120274 |
||
| 245 |
_aসমাজ সংসার কলরব / _cসনৎকুমার, সাহা |
||
| 260 |
_aঢাকা : _bজাতীয় গ্রন্থ প্রকাশন, _c২০০২. |
||
| 300 |
_a১৫৮পৃ. ; _c২১ সেমি. |
||
| 650 |
_aবাংলাদেশের ইতিহাস _9119973 |
||
| 650 |
_aHistory of Bangladesh _9125047 |
||
| 942 |
_2ddc _cBK |
||
| 999 |
_c40637 _d40637 |
||